| 000 | 00668nam a22001937a 4500 | ||
|---|---|---|---|
| 003 | OSt | ||
| 005 | 20251127095222.0 | ||
| 008 | 251127b |||||||| |||| 00| 0 eng d | ||
| 020 | _a971-92613-6-6 | ||
| 040 |
_aDWCL - Main _cOC |
||
| 082 | _aProf. 220.1 G613h 2006 | ||
| 100 | _aGogna, Arun | ||
| 245 |
_aHappy Secrets to an Obedient Life : _b10 ways to have joy beyond your wildest dreams / _cArun Gogna |
||
| 260 |
_aQuezon City, Philippines : _bShepherd's Voice Publication, Inc., _cc2006. |
||
| 300 |
_a117 pages; _billustrations; _c21 cm |
||
| 501 | _aIncludes bibliographical references. | ||
| 650 | _a1. Bible - inspiration | ||
| 942 |
_2ddc _cPROF. _mProf. _n0 |
||
| 999 |
_c6430 _d6430 |
||